000 00358nam a22001457a 4500
008 230418b ||||| |||| 00| 0 eng d
020 _a9781451657616
041 _aeng
080 _a159.9
082 _a159.9NOR
100 _a25
101 _aPSI
245 _aCHANGEOLOGY 5 STEPS TO REALIZING YOUR GOALS AND RESOLUTIONS
_cNORCROSS.C.J
942 _2udc
_cBK
999 _c59586
_d59586